| 000 -LEADER |
| fixed length control field |
00558cam a2200181 a 4500 |
| 040 ## - CATALOGING SOURCE |
| Transcribing agency |
RUA |
| 082 ## - DEWEY DECIMAL CLASSIFICATION NUMBER |
| Classification number |
363 ROM 2011 C101 Or. |
| 100 1# - MAIN ENTRY--AUTHOR NAME |
| Personal name |
Mears, Harold C. |
| 245 10 - TITLE STATEMENT |
| Title |
Aquaculture in the Northeast Region of the National Marine Fisheries Service / |
| 300 ## - PHYSICAL DESCRIPTION |
| Number of Pages |
xi, 31 pages ; |
| Dimensions |
28 cm. |
| 490 1# - SERIES STATEMENT |
| Series statement |
NOAA technical memorandum NMFS-F/NER ; |
| 500 ## - GENERAL NOTE |
| General note |
Distributed to depository libraries in microfiche. |
| 500 ## - GENERAL NOTE |
| General note |
Shipping list no.: 93-0097-M. |
| 500 ## - GENERAL NOTE |
| General note |
"July 1992." |
| 650 #0 - SUBJECT ADDED ENTRY--TOPICAL TERM |
| Topical Term |
Aquaculture |
| 710 1# - ADDED ENTRY--CORPORATE NAME |
| Corporate name or jurisdiction name as entry element |
United States. |
| 942 ## - ADDED ENTRY ELEMENTS (KOHA) |
| Koha item type |
ADB |
| 952 ## - LOCATION AND ITEM INFORMATION (KOHA) |
| Withdrawn status [LOCAL, KOHA] |
0 |